| 000 | 00704nam a22002297a 4500 | ||
|---|---|---|---|
| 999 |
_c4824 _d4824 |
||
| 003 | AR-CdUCM | ||
| 008 | 190311b ||||| |||| 00| 0 spa d | ||
| 040 |
_aMUNICIPALIDAD PROVINCIAL DEL CUSCO _cBIBLIOTECA MUNICIPAL DEL CUSCO |
||
| 082 |
_a869.634 / _bL86 |
||
| 100 |
_aLópez, Luis C. _914870 |
||
| 245 |
_aPoemas de siempre : _bpoemas de Luis C. López / |
||
| 260 |
_aMedellin : _bHorizonte. |
||
| 300 |
_a40 páginas ; _c21 cm. |
||
| 440 |
_aEl Arco y la Lira _n26 _914871 |
||
| 500 | _aDonación de la familia Nieto | ||
| 650 |
_aColombia _9140 |
||
| 650 |
_aPoesía colombiana _910191 |
||
| 650 |
_aSiglo XX _98 |
||
| 700 |
_aMontoya Toro, Jorge _914872 |
||
| 942 |
_2ddc _cLIBROS |
||
| 945 | _araen | ||